000 00659nam a22002177a 4500
005 20251108173452.0
008 250721s2005 xx 000 0 ara d
082 1 4 _a270/إيل
100 1 _aإيليربي، هيلين
245 1 0 _aالجانب المظلم في التاريخ المسيحي /
264 1 _aدمشق :
_bدار قتيبة للنشر و التوزيع،
_c2005.
300 _a230 ص
650 1 7 _aالكنيسة
650 1 7 _aالمسيحية
650 1 7 _aالإصلاح الديني
650 1 7 _aالإضطهاد
650 1 7 _aالتاريخ
700 1 _aزكار، سهيل
_eTran.
942 _2ddc
_cBK
999 _c104631
_d104631